Netaji, A Life in Picture/ (Record no. 200442)

MARC details
000 -LEADER
fixed length control field 00725nam a2200193 4500
005 - DATE AND TIME OF LATEST TRANSACTION
control field 20240130115658.0
010 ## - LCCN (DPL NO)
LC control number ENG-125129
020 ## - INTERNATIONAL STANDARD BOOK NUMBER
Terms of availability 610.00
International Standard Book Number 9789354096396
035 ## - SYSTEM CONTROL NUMBER
System control number EN-122610
037 ## - SOURCE OF ACQUISITION
Source of stock number/acquisition DBAD/PUB
082 ## - DEWEY DECIMAL CLASSIFICATION NUMBER
Classification number 920
Edition number 2022
100 ## - MAIN ENTRY--PERSONAL NAME
Personal name Bose, Sugata
245 ## - TITLE STATEMENT
Title Netaji, A Life in Picture/
Statement of responsibility, etc By Bose,Sugata
260 ## - PUBLICATION, DISTRIBUTION, ETC. (IMPRINT)
Place of publication, distribution, etc New Delhi
Name of publisher, distributor, etc The Director General , Publication division, Ministry of Information and Broadcasting, Goverment of India,
Date of publication, distribution, etc 2022
270 ## - ADDRESS
Address Soochna bhawan, C.G.O. Complex, Lodhi Road, New Delhi-110003
City New Delhi
Postal code 110003
Electronic mail address www.publicationsdivision.nic.in
300 ## - PHYSICAL DESCRIPTION
Extent 128p.
Dimensions 21cm(HBK)
700 ## - ADDED ENTRY--PERSONAL NAME
Personal name Sumantra Bose
Relator term Author
9 (RLIN) 61420
942 ## - ADDED ENTRY ELEMENTS (KOHA)
Source of classification or shelving scheme Dewey Decimal Classification
Item type English Books
Classification part 920
Call number suffix Bos
Holdings
Withdrawn status Lost status Not for loan Collection code Home library Current library Date acquired Source of acquisition Cost, normal purchase price Full call number Barcode Cost, replacement price Koha item type
      Non-fiction Sarojini Nagar Sarojini Nagar 30/01/2024 DBAD/PUB 610.00 920 BOS EN-122610 610.00 English Books

© Delhi Public Library
Hit Counter
free hit counter